000 00611nam a2200193Ia 4500
005 20250508161524.0
008 008 250505s9999 xx 000 0 eng d
037 _aTextual
040 _aFEDL
_beng
_cFEDL
041 _aeng
_2eng
084 _a370.73, BAR
_qFEDL
100 _aBarrington Thomas M.
_9759448
245 0 _aIntroduction of selected educational practices into teachers colleges and their laboratory schools
260 _aNew York, USA
_bBureau of Publications
_c1953
300 _axii,111p.
650 _aEducation
942 _cTEXL
_h370.73, BAR
999 _c1370504
_d1370504